00000000nem 2200000zi 4500
0019.947100
003CaOODSP
00520250801131429
006m     o  d f      
007ad aznzn
008250120t20082008onc       e  fo 0   eng d
020 |z0660623005 |q(incorrect)
0340 |aa
040 |aCaOODSP|beng|erda|cCaOODSP
0410 |aeng|afre
043 |an-cn-bc|an-us-wa|apn-----
0861 |aFs72-22/2008-PDF|zFs72-22/2003
24500|aCurrent atlas : |bJuan de Fuca Strait to Strait of Georgia = Atlas des courants : Juan de Fuca Strait à Strait of Georgia.
24611|aAtlas des courants : |bJuan de Fuca Strait à Strait of Georgia
250 |a2008 edition.
255 |aScale not given.
264 1|a[Ottawa] : |bFisheries and Oceans Canada = Pêches et océans Canada, |c[2008]
264 4|c©2008
300 |a1 online resource (1 atlas (212 pages)) : |billustrations, maps
336 |acartographic image|bcri|2rdacontent
336 |atext|btxt|2rdacontent
337 |acomputer|bc|2rdamedia
338 |aonline resource|bcr|2rdacarrier
500 |a"2008 edition, …"--Title page verso.
500 |a"Published under the authority of the Canadian Hydrographic Service …"--Title page verso.
500 |aDigitized edition from print [produced by Government of Canada Publications Directorate].
546 |aText in English and French.
650 0|aTidal currents|zJuan de Fuca, Strait of (B.C. and Wash.)|vMaps.
650 0|aTidal currents|zGeorgia, Strait of (B.C. and Wash.)|vMaps.
650 0|aNautical charts|zJuan de Fuca, Strait of (B.C. and Wash.)
650 0|aNautical charts|zGeorgia, Strait of (B.C. and Wash.)
655 7|aAtlases|2lcgft
655 7|aNautical charts|2lcgft
655 7|aMaps|2lcgft
7102 |aCanadian Hydrographic Service, |eissuing body.
7760#|tCurrent atlas - Juan de Fuca Strait to Strait of Georgia |w(CaOODSP)9.672053
788 |tCurrent atlas : |efre|w(CaOODSP)9.947103
85640|qPDF|s208.00 MB|uhttps://publications.gc.ca/collections/collection_2025/mpo-dfo/Fs72-22-2008.pdf